Statistics for Villages of Niue by Population

Click here to take the quiz!

General Stats

  • This quiz has been taken 3 times
  • The average score is 2 of 13

Answer Stats

PopulationVillage Name% Correct
606Alofi
100%
197Hakupu
50%
33Toi
50%
135Avatele
0%
38Hikutavake
0%
110Lakepa
0%
74Liku
0%
83Makefu
0%
94Mutalau
0%
8Namukulu
0%
134Tamakautoga
0%
91Tuapa
0%
86Vaiea
0%

Score Distribution

Percentile by Number Answered

Percent of People with Each Score

Your Score History

You have not taken this quiz